000 00302 a2200109 4500
000 nam a22 7a 4500
005 20260206161359.0
100 _a Silberschatz, Abraham; Korth, Henry F.; Sudarshan, S.
_91114288
245 _aDatabase System Concepts
260 _bMcGraw Hill
_c2025
942 _cTEXL
999 _c1678837
_d1678837